Normal view
MARC view
Entry Personal Name
001 - CONTROL NUMBER
- control field: 24197
003 - CONTROL NUMBER IDENTIFIER
- control field: ARRUPE
005 - DATE AND TIME OF LATEST TRANSACTION
- control field: 20160428104044.0
008 - FIXED-LENGTH DATA ELEMENTS
- fixed length control field: 160428|| aca||aabn | a|a d
040 ## - CATALOGING SOURCE
- Original cataloging agency: ARRUPE
- Transcribing agency: ARRUPE
100 ## - HEADING--PERSONAL NAME
- Personal name: Farmer, Alan
670 ## - SOURCE DATA FOUND
- Source citation: Work cat.: (ARRUPE)124696: Farmer, Alan, The Unification of Germany 1815-1919, 2008